[Event "St. Louis Rapid & Blitz"]
[Site "Online"]
[Date "2020.09.18"]
[Round "16.4"]
[White "Firouzja, Alireza"]
[Black "Carlsen, Magnus"]
[Result "0-1"]
[WhiteElo "2728"]
[BlackElo "2863"]
[EventDate "2020.??.??"]
[Annotator "Bojkov,Dejan"]
[PlyCount "140"]
[Beauty "5842791041623"]
[EventType "blitz"]

1.e4 e5 2.Nf3 Nc6 3.Bb5 Nf6 4.d3 {Not yet an endgame with you, Mr Carlsen.} 4...Bc5 5.Bxc6 dxc6 6.O-O ( {Firouzja has some negative experience in this line after} 6.Nbd2 Be6 7.Nb3 Bb6 8.Qe2 Nd7 9.Be3 Qe7 10.Nfd2 O-O-O 11.a4 Bxe3 12.Qxe3 Kb8 13.a5 g6 14.O-O f5 15.exf5 gxf5 16.f4 {Nakamura,H (2736) -Firouzja,A (2728) chess.com INT 2020} ) 6...Bg4 {The most annoying reply for the first player. Once that he castled, he needs to think twice if he really wants to break the pin with the g2-g4 move.} 7.h3 Bh5 8.Nbd2 Nd7 9.Nc4 f6 10.Rb1 $5 $146 {A novelty which intends to dispatch the black bishop from the a7-g1 diagonal.} ( {An email game saw} 10.c3 a5 11.Ne3 Bxe3 12.Bxe3 Qe7 13.Qb3 Bxf3 14.gxf3 b6 15.Qc4 Qd6 16.d4 {with unclear play, Cruzado Duenas,C (2602)-Almiron,L (2598) ICCF email 2012} ) 10...a5 $1 {Carlsen wants his bishop on the diagonal.} ( {White's play is easier after} 10...O-O 11.b4 Be7 12.a3 ( {Or:} 12.Ne3 ) ) 11.Bd2 b6 12.Be3 Be7 {Now that the e3 square is occupied by the white bishop, Black can retreat.} ( {Although there was nothing wrong with} 12...Bxe3 13.Nxe3 Nc5 {followed by Nc5-e6.} ) 13.b3 {White is arranging his pawns according to Capablanca's rule: on the opposite color of his own bishop. Make no mistake though, this is purely defensive here as they are not moving anywhere.} ( {If} 13.a3 a4 {would prevent White from making any progress on the queenside.} ) 13...Nc5 {Carlsen wants to occupy the d4 square in the most convenient way.} ( {Once again, Black had a reasonable alternative:} 13...c5 $5 {followed by either Nd7-b6-c6 or Nd7-f8-e6 on route to the d4 square.} ) 14.a4 Ne6 15.Qe2 c5 16.c3 $1 {Firouzja needs to change the trend. If he stays, he will be slowly smothered.} 16...Qd7 17.Rfd1 Rd8 ( {It makes no sense to castle into it:} 17...O-O-O {As:} 18.b4 $1 cxb4 19.d4 $1 {would seize the initiative for White:} ( {Also interesting is} 19.Bxb6 bxc3 {Although it is less clear.} ) 19...Bxf3 20.gxf3 exd4 21.cxd4 {with strong threats for White.} ) 18.Rb2 Qc8 19.Rbd2 {White is consistent with the preparation of the d3-d4 break. Indeed, there is nothing else that he can play for.} 19...O-O ( {More prophylaxis with} 19...Qb7 $5 {made sense too. Black hits the e4 pawn, thus preventing the d3-d4 break.} ) 20.g4 Bf7 21.Nh4 ( {It is too early for} 21.d4 cxd4 22.cxd4 exd4 23.Nxd4 Nxd4 24.Rxd4 Rxd4 25.Rxd4 Rd8 {with a pleasant endgame for Black thanks to the bishop pair.} ) 21...g6 22.Ng2 g5 $1 {Carlsen is stopping the other typical break for White, f2-f4.} 23.f3 h5 24.Bf2 Kh7 {In order to occupy the h-file before opening it.} ( 24...Nf4 $5 25.Nxf4 exf4 {deserved serious investigation as well.} ) 25.Nce3 {Active play.} ( {Firouzja could have prepared for the assault with} 25.Qf1 Rh8 26.Nge3 ) 25...Rh8 26.Nf5 Bf8 {Now that the black pieces are awkwardly placed, the moment should be right:} 27.d4 {Changing the rhythm of the game when even world champions may err.} 27...cxd4 28.cxd4 hxg4 ( {Black could have preserved his advantage with} 28...exd4 $1 29.Nxd4 Bb4 30.Nxe6 Rxd2 31.Nxg5+ fxg5 32.Rxd2 Bxd2 33.Qxd2 Qd8 {Black's king is not great, but an exchange is an exchange.} ) 29.hxg4 Bb4 {A blunder!} ( {It was not too late for} 29...Nxd4 30.Nxd4 exd4 31.Bxd4 Bxb3 {when Black would be better.} ) 30.d5 $1 {A nasty reversal.} 30...Ng7 ( {In the line} 30...Bxd2 {Carlsen might have missed the zwischenzug} 31.dxe6 $1 Qxe6 32.Rxd2 Qxb3 {but in hindsight this might have been Black's best chance under the circumstances.} ) 31.Rc2 Nxf5 32.gxf5 Qd7 33.Ne3 {Now that a file has been opened for the white rooks and an outpost cleared for the white knight, it all starts to make perfect sense for White. In fact he is strategically winning.} 33...Kg7 34.Rdc1 Rc8 35.Rc6 Rh3 ( {Black should have defended passively instead:} 35...Bd6 ) 36.Kg2 Rch8 37.Ng4 {Solid. There is no time to check the tactical nuances.} ( {However, the pawn was edible:} 37.Rxc7 $1 {The rooks do not have enough energy to create mating threats:} 37...Rh2+ 38.Kf1 Rh1+ 39.Bg1 Qd8 40.Qa6 {And whenever Black tries to add more attackers with} 40...Bc5 {there is} 41.R1xc5 $1 bxc5 42.Qb7 Qe8 43.Ng4 {and Black is helpless.} ) 37...Bd6 38.Bg3 ( {The right plan was to go for the c7 pawn at once:} 38.Qc2 $1 Qe7 39.Rxc7 Bxc7 40.Qxc7 Qxc7 41.Rxc7 {and Black's position crumbles.} ) 38...R3h7 39.Qb2 {Firouzja knows the plan, but wastes some moves in executing it.} ( {It was not too late for} 39.Qc4 {as} 39...Rc8 {does not help due to} 40.Rxb6 $1 ) 39...Qe7 40.R1c4 {Ooops, a blunder.} 40...Bh5 ( 40...Be8 $1 {would have trapped the white rook.} ) 41.Qc3 Bxg4 42.Rxc7 $1 {Just in time! Now the forcing line} ( {After} 42.fxg4 Kg8 {Black defends, at least for the time being.} ) 42...Bh3+ 43.Kf2 Bxc7 44.Rxc7 Kh6 45.Rxe7 Rxe7 {leads to a won position for White as Firouzja keeps on playing energetically.. .} 46.d6 Rd7 47.Bxe5 $1 {...and brings his pawns into motion.} 47...fxe5 48.Qxe5 Kh7 49.Qf6 ( {Had White removed the bishop out of the way with} 49.Kg3 $1 Bf1 50.f6 {the result would have been different.} ) 49...Rg8 $1 50.e5 ( {Once again} 50.Kg3 Bf1 51.Qe6 {was the most convincing win.} ) 50...Rgg7 {Carlsen managed to gather the remnants of his army.} 51.Kg3 Rdf7 {O, horror! The most important passer is about to fall.} 52.Qd8 {And does fall after this move.} ( {Firouzja actually spotted the correct idea} 52.Qxf7 $3 Rxf7 53.e6 Rxf5 54.d7 {but missed that after} 54...Rd5 {he has the winning} 55.Kxh3 $1 ) ( {However, after} 52.Qxf7 Rxf7 {it's actually a mistake to go} 53.e6 $2 {as Black responds} ( {correct is the immediate} 53.Kxh3 $1 {when White does win} ) 53...Bxf5 $1 {and wins in all lines.} ) 52...Bxf5 53.Qe8 {Now the tables have turned in Black's favor.} ( {Instead} 53.Qxb6 g4 54.Qxa5 gxf3+ 55.Kxf3 {would have been completely unclear.} ) 53...Bd7 54.Qa8 Rg6 55.Qb7 Re6 56.Qe4+ Kg7 57.Qe3 Rf5 ( {The other idea was to play for mate with} 57...g4 $1 58.fxg4 Rg6 ) 58.Qxb6 Rexe5 59.Qa7 Rf7 60.Qd4 Kf6 61.b4 axb4 62.Qxb4 ( {The last chance was} 62.a5 $1 {although there too, Black should win with} 62...Rh7 63.a6 Rh3+ 64.Kg2 Rh4 65.Qb2 b3 $1 66.Qxb3 Ra4 ) 62...Kg6 63.a5 Re3 {The united black pieces reach the white king and it was soon over:} 64.a6 Rexf3+ 65.Kg2 Rf2+ 66.Kg1 Rf1+ 67.Kg2 Bc6+ 68.Kg3 R7f3+ 69.Kh2 R3f2+ 70.Kg3 Rg2+ 0-1

[Event "Altibox Chess"]
[Site "Norway"]
[Date "2020.10.06"]
[Round "3.3"]
[White "Aronian, Levon"]
[Black "Tari, Aryan"]
[Result "1-0"]
[WhiteElo "2767"]
[BlackElo "2633"]
[EventDate "2020.??.??"]
[Annotator "Bojkov,Dejan"]
[PlyCount "95"]
[Beauty "7150181024265"]
[EventType "schev"]
[EventRounds "2"]
[EventCountry "NOR"]

1.e4 e5 2.Nf3 Nc6 3.Bb5 a6 4.Ba4 Nf6 5.O-O Be7 6.Re1 b5 7.Bb3 O-O 8.c3 d5 {After Frank Marshall unsuccessfully introduced his pet line against Capablanca in 1918 in New York, it has grown stronger and stronger. Nowadays, thanks to the rise of the computers, it is considered one of the safest choices by Black. One of the gurus of the line is Levon Aronian himself.} 9.exd5 Nxd5 10.Nxe5 Nxe5 11.Rxe5 c6 12.Re1 ( {Kramnik almost lost his title against Leko due to the following game} 12.d4 Bd6 13.Re1 Qh4 14.g3 Qh3 15.Re4 g5 16.Qf1 Qh5 17.Nd2 Bf5 18.f3 Nf6 19.Re1 Rae8 20.Rxe8 Rxe8 21.a4 Qg6 22.axb5 Bd3 23.Qf2 Re2 24.Qxe2 Bxe2 25.bxa6 Qd3 26.Kf2 Bxf3 27.Nxf3 Ne4+ 28.Ke1 Nxc3 29.bxc3 Qxc3+ 30.Kf2 Qxa1 31.a7 h6 32.h4 g4 {0-1 (32) Kramnik,V (2770)-Leko,P (2741) Brissago 2004} ) 12...Bd6 13.g3 Bf5 14.d4 Qf6 {Tari chooses a rare line. According to Megabase, there have been only three games played so far in this variation, all lost by Black.} ( {More common is} 14...Qd7 {which was tested by the Armenian GM:} 15.Be3 Rae8 16.Nd2 Bg4 17.Qb1 ( {Or} 17.Qc2 Nxe3 18.Rxe3 Rxe3 19.fxe3 c5 {with typical compensation for the pawn in Wunderlich,H (2596)-Manso Gil,A (2574) GER email 2017} ) 17...Bf5 18.Qc1 Re6 19.Nf3 Bg4 20.Ng5 Rg6 21.f3 Bxf3 $1 22.Nxf3 Bxg3 23.hxg3 Rxg3+ 24.Kf2 Qh3 {and Black went on to win in Shabalov,A (2608)-Aronian,L (2675) Mallorca 2004} ) 15.Be3 Qg6 16.Nd2 Rae8 17.Qf3 Bg4 $146 {A novelty that immediately embarrasses the white queen.} ( {In an earlier game, Black had compensation after} 17...h5 18.a4 b4 19.Bxd5 cxd5 20.Qxd5 bxc3 21.bxc3 h4 22.Qg2 hxg3 23.fxg3 Rc8 24.c4 Bb4 25.c5 Rfd8 26.Qf2 Bd3 {Fernandez Cardoso,A (2445) -Marrero Lopez,Y (2242) Matanzas 2017} ) 18.Qg2 Qh5 19.h4 {Quite an interesting idea! Aronian opens more room for his queen that can now move to h2 if the bishop keeps attacking it. The drawback of the pawn advance is that his kingside is weakened.} ( {Safer seems the immediate} 19.a4 Re6 20.axb5 axb5 {But perhaps White disliked} 21.Ra6 Bh3 22.Qf3 Bg4 23.Qh1 Bc7 {when the queen really looks poor in the corner.} ) 19...Be2 {Tari wants to create threats at once.} ( {A useful move might have been} 19...h6 $5 {first. Black opens air for the king and is ready to attack on the kingside with g7-g5. Play may continue} 20.a4 {Then} 20...Be2 21.axb5 axb5 {looks good for Black as} 22.Nf1 {can be met with} 22...Bf3 ( {or} 22...Re7 $5 ) 23.Bd1 Bxd1 24.Raxd1 f5 {with initiative for the pawn.} ) 20.Nf1 Re6 {The most natural development has a hidden drawback.} ( {With both the rooks on the first rank, White can always meet} 20...Bf3 {with} 21.Bd1 Bxd1 22.Raxd1 {Here} 22...f5 {is not that scary as White can start trading rooks along the e-file with} 23.Bd2 ) 21.Bd2 Rfe8 ( {It is not too late for} 21...h6 $1 22.a4 Bf3 23.Bd1 Bxd1 24.Raxd1 Rfe8 25.axb5 axb5 26.Qh3 f5 {locking the white queen in the process.} ) 22.a4 Bf3 23.Rxe6 $1 {That is the difference.} ( {Tari was obviously hoping for} 23.Bd1 Bxd1 24.Raxd1 Rxe1 25.Rxe1 Rxe1 26.Bxe1 Qe2 27.axb5 axb5 28.Bd2 Qd3 29.Qh3 f5 {with a dominant position, which compensates for the pawn.} ) 23...Rxe6 24.Qh3 Bg4 25.Qh2 {Now we can appreciate Aronian's h2-h4 idea.} ( {Less accurate is} 25.Qh1 Bf3 26.Qh2 Re8 ) 25...h6 {Finally, Tari went for this useful move but at the worst possible moment.} ( {The rook needs to step out of the pin instead:} 25...Re8 $1 {in order to meet} 26.Ne3 {With} ( {Black is also in the game after} 26.axb5 axb5 27.Ra6 Bf8 28.Rxc6 Bf3 29.Ra6 Qf5 {to free his queen, White should likely part with his g-pawn later.} ) 26...Nxe3 27.Bxe3 Qf5 ) 26.axb5 axb5 27.Ne3 $1 {With the rook pinned, this is annoying to say the least.} 27...Bf3 {Now it is really bad for Black.} ( {Pin or no pin, Black needs to capture on e3:} 27...Nxe3 $1 28.Bxe6 Bxe6 29.Bxe3 Bd5 ( {Or perhaps even better} 29...Qe2 $1 ) 30.Re1 Qg4 {would compensate for the significant material deficit, thanks to White's weakened light squares.} ) 28.Qh3 {All the white pieces are out, and the pawn starts to matter.} 28...Be4 29.Qg4 {The simplest way.} ( {Although a tad more precise is} 29.Ra8+ $1 Kh7 30.Bd1 Qg6 31.h5 Qf6 32.Nxd5 cxd5 ( {Or else Black is getting checkmated after} 32...Bxd5 33.Bc2+ Be4 34.Bxe4+ Rxe4 35.Qc8 ) 33.Bg4 {winning.} ) 29...Qxg4 30.Nxg4 f5 ( {More resilient is} 30...Re8 31.Ne3 {although White is a solid pawn ahead there.} ) 31.Ne5 $1 {Just winning.} 31...Bxe5 32.dxe5 Kf8 ( {As} 32...Rxe5 33.Re1 {drops the bishop on the pin.} ) 33.f4 Re7 34.Bxd5 $1 {Played practically instantly. Aronian knows his stuff.} 34...cxd5 ( {A small trick supports White's play:} 34...Bxd5 35.c4 $1 ) 35.Be3 {Next Aronian simply consolidates.} 35...Rc7 36.Ra5 Bd3 37.Bd4 Rc6 {Brings the king in.} 38.Kf2 h5 39.Ke3 Bc4 {Removes the bishop from its optimal position.} 40.Ra3 Rg6 41.b3 Bf1 42.Bc5+ Ke8 43.Bb4 Bg2 44.Kd4 Rc6 45.Ra7 g6 46.Re7+ Kd8 47.e6 Rc7 48.Rf7 {And celebrates his birthday with a win!} 1-0

[Event "Altibox Chess"]
[Site "Norway"]
[Date "2020.10.07"]
[Round "5.1"]
[White "Tari, Aryan"]
[Black "Carlsen, Magnus"]
[Result "0-1"]
[WhiteElo "2633"]
[BlackElo "2863"]
[EventDate "2020.??.??"]
[Annotator "Bojkov,Dejan"]
[PlyCount "90"]
[Beauty "7289385811026"]
[EventType "schev"]
[EventRounds "2"]
[EventCountry "NOR"]
[WhiteClock "0:00:42"]
[BlackClock "0:10:56"]

1.e4 c5 2.Nf3 Nc6 3.d4 cxd4 4.Nxd4 Nf6 5.Nc3 d6 {The Classical line is a rare choice in the practice of the world champion.} 6.Bg5 Bd7 7.Qd2 a6 8.O-O-O e6 9.f4 ( {Carlsen's latest game in the line saw} 9.f3 Nxd4 10.Qxd4 Be7 11.Kb1 b5 12.Bxf6 gxf6 13.Ne2 Rc8 14.Qd2 Qb6 15.Nf4 h5 {and this eventually ended in a draw in Anand,V (2776)-Carlsen,M (2843) Karlsruhe/ Baden-Baden 2018} ) 9...Be7 ( {Tari was successful after} 9...b5 10.Bxf6 gxf6 11.Kb1 Qb6 12.Nxc6 Bxc6 13.f5 b4 14.Ne2 e5 15.Ng3 h5 16.Bc4 h4 17.Nf1 Qc5 18.Ne3 Bh6 19.Qxd6 Qxd6 20.Rxd6 Bxe4 21.Ng4 Bxf5 22.Nxf6+ Ke7 23.Rb6 {Tari,A (2570)-Rahman,Z (2512) Baku 2016} ) 10.Nf3 b5 11.Bxf6 gxf6 {A typical pawn structure arose. Both black flanks have been weakened. However, the four black pawns in the center look like a strong shield in front of their king. Still, they are not ideal and have a soft spot: the e6 one. If White manages to destroy that pawn or force it to move, all the light squares in the center will fall into the first player's hands.} 12.Kb1 Qb6 13.f5 O-O-O {The king is not perfectly safe here either, but Black can at least connect his rooks.} 14.Bd3 ( {Instead, Navara chose to put more pressure on the e6-square at once with} 14.g3 Kb8 15.fxe6 fxe6 16.Bh3 Na5 17.Nd4 b4 18.Nce2 e5 19.Bxd7 Rxd7 20.Nf5 Nc4 21.Qd3 {with an advantage for the first player, Navara,D (2734)-Saric,I (2681) Patras 2019} ) 14...Kb8 15.Ne2 {A typical maneuver. The knight is transfered to the f4-square.} 15...Bc8 {In the confession box Carlsen said that he had done everything wrong so far, but as long as his bishop pair is on the board, he can hope for the best. This is what his coach Simen Agdestein had taught him.} 16.Nf4 Ne5 17.Be2 {Now Nf3-d4 is a deadly positional threat. Carlsen needs to hurry with the counterplay.} 17...d5 ( {Better seems} 17...Nc4 18.Bxc4 bxc4 19.Ka1 d5 20.exd5 e5 21.Ne2 Bb7 {when the bishops enter the game.} ) 18.exd5 exf5 $146 {A surprising choice. The black kingside pawns are now practically dead, but the bishops gain more scope. These sudden changes in the strategic/dynamic balances are some of the world champion's main weapons.} ( {The players probably didn't know about this earlier game:} 18...Nxf3 19.Bxf3 e5 20.Ne2 Bxf5 21.Ng3 Bg6 22.Qe2 Rc8 23.Be4 Rc4 24.Nf5 Qc5 25.Bd3 Bxf5 26.Bxf5 Rd8 27.Bxh7 Rxd5 28.Rxd5 Qxd5 29.Rd1 Rd4 30.Rxd4 Qxd4 {and Black eventually defended in Solak,D (2586)-Ashwin, J (2471) Albena 2012} ) 19.Nd4 Bc5 20.Rhf1 Rhe8 21.a3 Ka8 {Sidestepping the possible checks. From a positional perspective, Black's position is hopeless. However, his position keeps a massive amount of hidden dynamical chances which Tari failed to appreciate.} 22.h3 ( {Strong is a plan suggested by Kramnik:} 22.b4 $1 Be7 23.Nb3 {followed by Nb3-a5.} ( {Or} 23.Qc3 {with White's edge in both cases. What is important here is that Tari would have blunted the enemy bishops.} ) ) 22...Bd7 ( {The immediate} 22...Nc4 {does not work due to} 23.Bxc4 bxc4 24.Qc3 {and White is clearly better.} ) 23.Nh5 {For a moment White loses control, and that is all Carlsen needs.} ( {Tari missed a strong chance to claim a big advantage:} 23.d6 $1 {would have opened the d5-spot for his knight instead, and that would be excellent for White, for example:} 23...Qxd6 ( {Or} 23...Bxd6 24.Nd5 Qb7 25.Nxf6 {and Black's position collapses.} ) 24.Qc3 Qb6 25.Nd5 {when White makes it to the f-pawns.} ) 23...Nc4 $1 24.Bxc4 bxc4 {It all starts to make sense for Carlsen now that he has managed to open the files and the diagonals for his pieces.} 25.Qc3 {Now things are getting even worse.} ( {Stronger is} 25.Ka1 $1 {although there Black can win the enemy queen with} 25...Re4 26.Ne2 Rde8 27.Nc3 Be3 28.Qe1 Bc1 29.Rxc1 Rxe1 30.Rfxe1 Rb8 {and Black is much better.} ) 25...Rb8 {The strong threat is Re8-e3!} 26.Rf3 {An obvious defense, which however, has a non-obvious flaw...} ( {If} 26.Nxf5 Bxf5 27.Rxf5 Re3 28.Qxf6 Bd6 $1 {with decisive threats.} ( {Or even} 28...Bxa3 29.Qxb6 Rxb6 30.d6 Rxb2+ 31.Ka1 Rb8 {when Black is significantly better.} ) ) ( 26.Rfe1 $2 {drops the knight after} 26...Rxe1 27.Rxe1 Bxd4 ) 26...Re1 $3 {A stunning move! The white rook is overloaded.} 27.Rxe1 Bxd4 28.Qb4 Qc7 $1 {Discovering the rook with tempo.} 29.d6 ( {If} 29.Qd2 Rxb2+ ( {Or} 29...Bxb2 {which should also win.} ) 30.Kc1 Qb6 31.Kd1 Ba4 {with decisive attack.} ) 29...Qc6 30.Qa5 Bxb2 ( {The other winning idea is} 30...Rxb2+ $1 31.Kc1 Qxd6 32.c3 Bc5 33.Kxb2 Qd2+ 34.Kb1 Qxe1+ 35.Kb2 Qd2+ 36.Kb1 Bb5 $1 {There is no perpetual, and Black quickly takes over:} 37.Qc7 Bd6 38.Qc8+ ( 38.Qd8+ Kb7 ) 38...Ka7 39.Qxf5 Qd1+ 40.Kb2 Qb3+ {with a win.} ) 31.Ka2 Be5 32.Rb1 Rxb1 33.Kxb1 Qxd6 {With the white king wide open, Carlsen is no longer in a rush.} 34.Kc1 Qd4 35.Qxa6+ ( {Nothing changes} 35.Ng3 Qa1+ 36.Kd2 c3+ 37.Rxc3 {Now Black needs to find the only win:} 37...Bf4+ $1 ( {But not} 37...Bxc3+ 38.Qxc3 Qxc3+ 39.Kxc3 f4 40.Nh5 f3 41.gxf3 Bxh3 42.Kd4 {when White should survive.} ) 38.Ke2 Bb5+ 39.Kf2 Qd1 {and Black wins.} ) 35...Kb8 36.c3 {That allows a forced win.} ( {White cannot survive after} 36.g3 Qa1+ 37.Kd2 c3+ ) 36...Qg1+ 37.Kd2 Qxg2+ 38.Ke3 f4+ $1 {Winning a piece and the game.} 39.Nxf4 Bxf4+ 40.Rxf4 Qg3+ 41.Rf3 ( 41.Ke4 Qd3# ) 41...Qe1+ 42.Kd4 Qe5+ 43.Kxc4 Qe4+ 44.Kc5 Qxf3 45.Kd6 Bc8 0-1